Common Soccer Abbreviations: Positions - Statistics

General Stats
  • This quiz has been taken 83 times
  • The average score is 18 of 21
Answer Stats
Abbreviation Elaboration % Correct
GK Goalkeeper
99%
ST Striker
96%
CM Center Midfielder
91%
RW Right Winger
91%
LCM Left Center Midfielder
89%
LM Left Midfielder
89%
LW Left Winger
89%
RM Right Midfielder
89%
CB Center Back
88%
LB Left Back
88%
RCM Right Center Midfielder
88%
CF Center Forward
86%
LCB Left Center Back
86%
LF Left Forward
86%
RB Right Back
86%
RCB Right Center Back
86%
RF Right Forward
86%
CAM Center Attacking Midfielder
82%
LWB Left Wing Back
80%
RWB Right Wing Back
80%
CDM Center Defensive Midfielder
77%
No matching quizzes found
Score Distribution
Percent of People with Each Score
Percentile by Number Answered
Your Score History
You have not taken this quiz